000 00848nam a2200289 a 4500
001 19762
003 BD-RjUL
005 20211209000456.0
008 140225s1982 ii f 000 0 eng
035 _a(BD-RjUL)19823
040 _aDLC
_cDLC
_dBD-RjUL
_beng
041 _aeng
082 0 0 _a792.0954
_219
_bDUT 1982
100 1 _aDatta, Utpal.
_960713
245 1 0 _aTowards a revolutionary theatre /
_cUtpal Dutt.
250 _a1st ed.
260 _aCalcutta :
_bM.C. Sarkar,
_c1982.
300 _a147 p. :
_bill. ;
_c21 cm.
600 1 0 _aDatta, Utpal.
_960725
650 0 _aTheater
_xPolitical aspects.
_950613
650 0 _aTheater and society
_zIndia.
_960715
650 0 _aTheater
_zIndia
_xHistory
_y20th century.
_960716
650 0 _aMarxist criticism.
_960717
942 _2ddc
_cBK
999 _c19762
_d19762